Έκθεση του Προέδρου του Διοικητικού Συμβουλίου της Τράπεζας. Εμπορική Τράπεζα

Αποθηκεύτηκε σε:
Λεπτομέρειες βιβλιογραφικής εγγραφής
Συγγραφή απο Οργανισμό/Αρχή: Εμπορική Τράπεζα της Ελλάδος
Μορφή: Περιοδική έκδοση
Γλώσσα:Greek
Δημοσίευση: Αθήνα : Εμπορική Τράπεζα, [19--]-
Θέματα:
Ετικέτες: Προσθήκη ετικέτας
Δεν υπάρχουν, Καταχωρήστε ετικέτα πρώτοι!

MARC

LEADER 00000nas a2200000 i 4500
001 1/58491
008 040630c19 9999gr gre
035 |l 10073953 
040 |a GR-MY-UA  |b gre  |e aacr 
041 0 |a gre 
082 0 |a 332.109495  
110 2 |a Εμπορική Τράπεζα της Ελλάδος. 
245 1 0 |a Έκθεση του Προέδρου του Διοικητικού Συμβουλίου της Τράπεζας. Εμπορική Τράπεζα   |h [περιοδικό] /   |c Εμπορική Τράπεζα.  
246 3 3 |a Έκθεση. Εμπορική Τράπεζα της Ελλάδος  
246 3 3 |a Εμπορική Τράπεζα. Έκθεση  
260 |a Αθήνα :   |b Εμπορική Τράπεζα,   |c [19--]-  
300 |a τ. :   |b εικ., διαγρ. ;   |c 28 εκ.  
310 |a Ετήσιο  
650 0 0 |a Banks and banking  |x Statistics  |x Periodicals  |z Greece. 
650 0 0 |a Economics  |z Greece  |x Statistics  |x Periodicals. 
853 |a INST  |b CHIOS  |c SER  |h 332.109495 
901 |a BIBL2-2004-2 
920 |a ΕΜΠΟΡΙΚΗ ΤΡΑΠΕΖΑ  |y ΧΙΟΣ  |z [198-;] 
970 |a ΠΟΥΛΑΚΗ  |b ΠΑΝΩΡΑΙΑ  |z 2004/06/30